Schaum's outline of Theory and Problems of Numerical Analysis (Record no. 2554)
[ view plain ]
| 000 -LEADER | |
|---|---|
| fixed length control field | 01049pam a2200301 a 4500 |
| 001 - CONTROL NUMBER | |
| control field | 534631 |
| 003 - CONTROL NUMBER IDENTIFIER | |
| control field | OSt |
| 005 - DATE AND TIME OF LATEST TRANSACTION | |
| control field | 20191118120307.0 |
| 008 - FIXED-LENGTH DATA ELEMENTS--GENERAL INFORMATION | |
| fixed length control field | 871217s1989 nyua 000 0 eng |
| 010 ## - LIBRARY OF CONGRESS CONTROL NUMBER | |
| LC control number | 87035348 |
| 020 ## - INTERNATIONAL STANDARD BOOK NUMBER | |
| International Standard Book Number | 0070552215 (pbk.) |
| 040 ## - CATALOGING SOURCE | |
| Original cataloging agency | DLC |
| Transcribing agency | DLC |
| Modifying agency | DLC |
| 050 00 - LIBRARY OF CONGRESS CALL NUMBER | |
| Classification number | QA297 |
| Item number | .S37 1989 |
| 082 00 - DEWEY DECIMAL CLASSIFICATION NUMBER | |
| Classification number | 518 |
| Edition number | 19 |
| Item number | SCH 1989 |
| 100 1# - MAIN ENTRY--PERSONAL NAME | |
| Personal name | Scheid, Francis, |
| 9 (RLIN) | 6145 |
| 245 10 - TITLE STATEMENT | |
| Title | Schaum's outline of Theory and Problems of Numerical Analysis |
| 250 ## - EDITION STATEMENT | |
| Edition statement | 2nd ed. |
| 260 ## - PUBLICATION, DISTRIBUTION, ETC. (IMPRINT) | |
| Place of publication, distribution, etc. | New York : |
| Name of publisher, distributor, etc. | McGraw-Hill, |
| Date of publication, distribution, etc. | 1989. |
| 300 ## - PHYSICAL DESCRIPTION | |
| Extent | 471 p. : |
| Other physical details | ill. ; |
| Dimensions | 28 cm. |
| 440 #0 - SERIES STATEMENT/ADDED ENTRY--TITLE | |
| Title | Schaum's outline series. |
| Name of part/section of a work | Schaum's outline series in mathematics |
| 9 (RLIN) | 711 |
| 650 #0 - SUBJECT ADDED ENTRY--TOPICAL TERM | |
| Topical term or geographic name as entry element | Numerical analysis |
| 9 (RLIN) | 6146 |
| 740 0# - ADDED ENTRY--UNCONTROLLED RELATED/ANALYTICAL TITLE | |
| Uncontrolled related/analytical title | Theory and problems of numerical analysis. |
| 740 0# - ADDED ENTRY--UNCONTROLLED RELATED/ANALYTICAL TITLE | |
| Uncontrolled related/analytical title | Numerical analysis. |
| 856 42 - ELECTRONIC LOCATION AND ACCESS | |
| Materials specified | Publisher description |
| Uniform Resource Identifier | http://www.loc.gov/catdir/description/mh022/87035348.html |
| 856 41 - ELECTRONIC LOCATION AND ACCESS | |
| Materials specified | Table of contents |
| Uniform Resource Identifier | http://www.loc.gov/catdir/toc/mh021/87035348.html |
| 906 ## - LOCAL DATA ELEMENT F, LDF (RLIN) | |
| a | 7 |
| b | cbc |
| c | orignew |
| d | 1 |
| e | ocip |
| f | 19 |
| g | y-gencatlg |
| 942 ## - ADDED ENTRY ELEMENTS (KOHA) | |
| Source of classification or shelving scheme | Dewey Decimal Classification |
| Koha item type | Short Loan |
| Withdrawn status | Lost status | Source of classification or shelving scheme | Damaged status | Not for loan | Home library | Current library | Date acquired | Source of acquisition | Inventory number | Total Checkouts | Full call number | Barcode | Date last seen | Koha item type |
|---|---|---|---|---|---|---|---|---|---|---|---|---|---|---|
| Dewey Decimal Classification | MUST Main Library | MUST Main Library | 12/11/2015 | 06/27898 | 518 SCH 1989 | 2015-2611 | 12/11/2015 | Short Loan | ||||||
| Dewey Decimal Classification | MUST Main Library | MUST Main Library | 21/05/2019 | Purchase | 11/33342 | 519.4 SCH 1989 | 2019-0019 | 21/05/2019 | Open Shelf | |||||
| Dewey Decimal Classification | MUST Main Library | MUST Main Library | 13/12/2023 | Purchase | 08/30947 | 518 SCH 1989 | 2023-0730 | 13/12/2023 | Open Shelf |
